Évkönyv : A Trencsén Vármegyei Természettudományi Egylet 1896/7. Évkönyve. XIX-XX. Évfolyam = 1896/7. Jahresheft Des Naturwissenschaftlichen Vereines Des Trencsiner Comitates. XIX-XX. Jahrgang.
| Korporácia: | , |
|---|---|
| Ďalší autori: | , , , , , , |
| Médium: | Kniha |
| Jazyk: | Hungarian German Latin |
| Vydané: |
Trencsén :
Az Egyesület Kiadványa : = Herausgegeben Vom Vereine : Skarnitzl X. Ferencz Gyorssajtónyomása,
1897
|
| Témy: | |
| Signatúra: | IV.78590 |
| LEADER | 02738nam a2200493 a 4500 | ||
|---|---|---|---|
| 001 | 000000905 | ||
| 005 | 20220519150855.0 | ||
| 008 | 050727s1897 xo e hun | ||
| FMT | |||
| 040 | |a SVKKK |b slo |c SVKKK |e AACR2 | ||
| 041 | 0 | |a hun |a ger |a lat | |
| 044 | |a xo |c SK | ||
| 080 | |a 061.2:5(437.6) | ||
| 080 | |a 5(058)"1844" | ||
| 130 | 0 | |a Évkönyv | |
| 245 | 0 | 0 | |a Évkönyv : |b A Trencsén Vármegyei Természettudományi Egylet 1896/7. Évkönyve. XIX-XX. Évfolyam = 1896/7. Jahresheft Des Naturwissenschaftlichen Vereines Des Trencsiner Comitates. XIX-XX. Jahrgang. |
| 260 | |a Trencsén : |b Az Egyesület Kiadványa : |b = Herausgegeben Vom Vereine : |b Skarnitzl X. Ferencz Gyorssajtónyomása, |c 1897 | ||
| 300 | |a 131,[13] s. 1/8-8/8,9/4,[4] [=72] list. |c 8°. 23x14,5 cm |e 4 obr. príl. | ||
| 500 | |a Linky, celostrán. ilustr. signov. "Lith. Anst. v. Th. Bannwarth. Wien.", typograf. ozdoby, tlač. pozn. pod čiarou v jaz. lat. | ||
| 505 | 2 | |a Krasznyánszky, K.: A magyar orvosok és természetvizsgálók Trencsénben. (s.9-18); Sohr, R.: Etwas über das jetzige Madagascar. (s.19-37); Pollacsek, S.: A bellusi Baross-kénforrás. (s.38-41); Holuby, J.: Allerlei Bemerkungen über den nasskühlen Sommer 1897. (s.42-51); Brancsik, C.: Series Orthopterorum novorum. (s.52-85); Brancsik, C.: Einige Daten zur Conchylienfauna Bosniens, der Herzegovina und Dalmatiens. (s.86-90); Martiny, K.: Adatok a trepanatio javalatához. (s.91-101); Sohr, R.: Mauritius. (s.102-107); Brancsik, C.: Coleoptera africana nova. (s.108-131). | |
| 508 | |a Na s. 3-6 zoznam vedenia spolku a zoznam spolkov v zahraničí, s ktorými trenčiansky spolok udržiava kontakty. | ||
| 510 | 4 | |a Petrik 1886-1900/195. | |
| 561 | |a Peč.: Štátna vedecká knižnica v Košiciach. | ||
| 563 | |a Pôvodná - brož. béžový papier, na pred. obálke rámcová ornam.-link. výzd., linka ozdobná, typograf. ozdoba a údaje ako na titl. liste s odlišným rokom vyd. "1898" | ||
| 653 | 1 | |a Prírodovedný spolok Trenčianskej župy | |
| 653 | 1 | |a ročenky | |
| 653 | 1 | |a štúdie odborné | |
| 653 | 1 | |a činnosť | |
| 700 | 1 | |a Bannwarth, Th. |4 ltg | |
| 700 | 1 | |a Brančík, Karol Jozef, |d 1842-1915 |4 oth | |
| 700 | 1 | |a Holuby, Jozef Ľudovít, |d 1836-1923 |4 oth | |
| 700 | 1 | |a Krasznyánszky, Karol, |d 1855-? |4 oth | |
| 700 | 1 | |a Martiny, Koloman, |d 1864-? |4 oth | |
| 700 | 1 | |a Pollacsek, Simon |4 oth | |
| 700 | 1 | |a Sohr, Robert |4 oth | |
| 710 | 0 | |a Prírodovedný spolok Trenčianskej župy |c Trenčín |4 pbl | |
| 710 | 0 | |a Škarnicel, František Xaver |c Trenčín |d 1862-1903 |4 prt | |
| 752 | |a Slovensko |d Trenčín | ||
| 852 | |p IV.78590 | ||
| 904 | |a a---a----zz------yyyaa0001-- | ||
| 905 | |a g--a0cb- | ||
| 910 | |a svkkk | ||
| 998 | |a MALETL | ||
| BAS | |||